Leaders of political parties in Serbia - Statistics

General Stats
  • This quiz has been taken 56 times
    50 since last reset
  • The average score is 15 of 44
Answer Stats
Political party Answer % Correct
SNS-Srpska napredna stranka aleksandar Vucic
100%
SPS-Socijalistička partija Srbije Ivica Dacic
82%
SRS-Srpska radikalna stranka Vojislav Seselj
80%
SSP-Stranka slobode i pravde Dragan Djilas
76%
DVERI Bosko Obradovic
69%
SDS-Socijaldemokratska stranka Boris Tadic
62%
JS-Jedinstvena Srbija Dragan Markovic Palma
62%
DJB-Dosta je bilo Sasa Radulovic
62%
LDP-Liberalno demokratska partija Cedomir Jovanovic
60%
PSG-Pokret slobodnih gradjana Sergej Trifunovic
60%
PS-Pokret socijalista Aleksandar Vulin
56%
BS-Bolja Srbija Dragan Jovanovic
56%
DSS-Demokratska stranka Srbije Milos Jovanovic
56%
LSV-Liga socijaldemokrata Vojvodine Nenad Canak
49%
NS-Narodna stranka Vuk Jeremic
47%
DS-Demokratska stranka Zoran Lutovac
47%
SPAS-Srpski patriotski savez Aleksandar Sapic
44%
SVM-Savez vojvodjanskih Madjara Istvan Pastor
44%
SPP-Stranka pravde i pomirenja Muamer Zukorlic
44%
SD-Srpska desnica Misa Vacic
38%
SDPS-Socijaldemokratska partija Srbije Rasim Ljajic
38%
SPO-Srpski pokret obnove Vuk Draskovic
38%
SSZ-Srpska stranka Zavetnici Milica Djurdjevic
36%
SDA-Stranka demokratske akcije Sandzaka Sulejman Ugljanin
33%
PUPS-Pokret ujedinjen penzionera Srbije Milan Krkobabic
31%
NS-Nova Srbija Velimir Ilic
31%
PSS-Pokret snaga Srbije Bogoljub Karic
16%
Zeleni Srbije Ivan Karic
16%
NOVA-Nova stranka Zoran Zivkovic
13%
NSS-Narodna seljačka stranka Marijan Risticevic
11%
ZS-Zdrava Srbija Milan Stamatovic
11%
ZZS-Zajedno za Srbiju Nebojsa Zelenovic
11%
PZP-Pokret za preokret Janko Veselinovic
9%
SNP-Srpska narodna partija Nenad Popovic
9%
RS-Republikanska stranka Nikola Sandulovic
7%
RS-Ruska stranka Slobodan Nikolic
7%
KRS-Konzervativna reformisticka stranka Dejan Djordjevic
2%
ZS-Zelena stranka Goran Cabradi
2%
SMS-Stranka moderne Srbije Tatjana Macura
2%
POKS-Pokret obnove kraljevine Srbije Zika Gojkovic
2%
SDU-Socijaldemokratska unija Ivan Zlatic
0%
ZSS-Zelena stranka Srbije Jan Paul
0%
NSP-Narodni slobodarski pokret Miroslav Parovic
0%
GSGS-Gradjanska stranka Grka Srbije Vassilios Proveleggios
0%
No matching quizzes found
Score Distribution
Percent of People with Each Score
Percentile by Number Answered
Your Score History
You have not taken this quiz since the last reset